Quizzes
Events
Quiz Creation
Community
Videos
Private Events
Remove Ads
Sign In
Join for FREE
Feedback
Dark Mode
Quiz Categories
Sports
Geography
Music
Movies
Television
Just For Fun
Miscellaneous
History
Literature
Language
Science
Gaming
Entertainment
Religion
Holiday
For Kids
Quiz Lab
Recent
Popular Today
Quiz Kudos Today
Editor Picks
Curator Picks
Quizzes by...
Day
Popularity
Type
Ratings
Length
Year
Community
Subscriptions
Recent Discussions
Orange Saloon
Badges
Playlists
Quests
Create
Leaderboards
Showdown
Live 5
Trivia Bingo
Activity
Puzzle Library
Sporcle Events
Private Events
Virtual Trivia
Globe League
Become a Host
Pub Owners
SporcleCon
Opinionation
Our Games
Videos
Blog
Mobile Apps
Partnerships
Remove Ads and Go Orange
Feedback
Music
Pop Music
The Beatles
Song
Album
Lyrics
Bands
Singers
Artist
Clip
Rock
Rap
Classical
Billboard
Country Music
Kpop
Taylor Swift
Music
Pop Music
The Beatles
Song
Album
Lyrics
Bands
Singers
Artist
Clip
Rock
Rap
Classical
Billboard
Country Music
Kpop
Taylor Swift
Random Quiz
Search Sporcle
×
Quiz Lab
Quiz Lab
Music
KISS Songs
Type in answers that appear in a list
Type in answers that appear in a list
Classic
Best Score? Go Orange.
KISS -- Paul Stanley's Onstage Banter Stats
Can you name the song from a live Kiss album that is introduced by, or occurs during, the onstage banter of Paul?
By
coop927
2m
7 Questions
354 Plays
354 Plays
354 Plays
Comments
Comments
Give Quiz Kudos
Give Quiz Kudos
-
- Ratings
hide this ad
More Info
Replay
Link that replays current quiz
Next Quiz
Link to next quiz in quiz playlist
You Got
0%
They Got
Avg Score
73%
Avg Friend Score
Upgrade to see
Score Distribution
Jump to the score distribution portion of the page
Score
0/7
Timer
02:00
0
Plays Today
Paul's banter
Song
% Correct
...The rock and roll national anthem!
Rock and Roll All Nite
96%
A lot of people here like to drink vodka and orange juice!
Cold Gin
90.1%
We got a little surpise for you tonight. We're gonna turn the microphone over to Ace Frehley.
Shock Me
87.6%
I know everybody's hot; everybody's got rock and roll pneumonia!
Calling Dr. Love
78%
It doesn't matter where you're born, it doesn't matter where you come from. It matters where your head is at.
Detroit Rock City
61.6%
We got some good looking girls!
Ladies Room
58.8%
If you believe in rock and roll, then stand up for what you believe in!
100,000 Years
40.1%
Quiz Playlist
Details
Report
Send in Message
Add To Playlist
More Info:
Name the song from a live Kiss album that is introduced by, or is occurring during, the onstage banter of Paul Stanley.
Classic:
Type in answers that appear in a list
Last Updated: Feb 16, 2017
Quiz Scoreboard
CHALLENGE
Sign Up to Join the Scoreboard
Show All
Scores
Hide
Comments
May contain spoilers
Recently Published
Popular People in 1961
by mucciniale
History
6m
1-10 Letter E Words III
by El_Dandy
Language
2m
One Thing in Common: World Cities II
by knightlancer
Geography
7m
More to Explore
Quiz From the Vault
Featured Blog Post
Where Did the Easter Bunny Come From?
hide this ad
You Might Also Like...
Tags
KISS Live
KISS Songs
Today's Top Quizzes in Music
Browse Music
hide this ad
Top Contributed Quizzes in Music
1
Taylor Swift All Songs (2024)
2
Taylor Swift Logic Puzzle
3
2010s Album by Cover III
4
Guess the Taylor Swift song (Mystery Song)
5
One Thing in Common: Music
6
Guess the Artist- 70s Songs
7
2010s Album by Cover IV
8
2010s Album by Cover V
9
Get the Picture: Carrie or Dolly
10
Lana Del Rey Discography (BTD to DYKTTATUOB)
Explore More
Trending Topics
NBA
Disney
Harry Potter
Marvel
Anime
Crossword
Kpop
The Office
Song
WWE
NFL
Pokémon
Soccer
Country
Puzzle
hide this ad
More By:
coop927
Quiz
Plays
Rating
Category
Featured
Created
Movies in a Blender II
501
4.33
Movies
Jan 3, 2011
KISS -- Paul Stanley's Onstage Banter
354
Music
Dec 4, 2010
great expectations quiz
284
2.00
Literature
Jun 12, 2012
Movies in a Blender
230
3.75
Movies
Dec 4, 2010
Movies in a Blender III
192
3.00
Movies
Jan 11, 2011
Go to Creator's Profile
Score Distribution
Quiz Creator Spotlight
coop927
Follow
Send a Message
Quizzes Created
-
Created Quiz Play Count
-
More By This Creator
Popular Quizzes Today
1
Find the US States - No Outlines Minefield
2
The Countries of the World
3
Popular People in 1961
4
Find the Countries of Europe - No Outlines Minefield
5
1-10 Letter E Words III
6
Find the US States
7
One Thing in Common: World Cities II
8
US States
More Music Quizzes
Most-Followed Artists on Spotify
Published
Trending Quizzes
Country Music Stars Doing Things
Get the Picture: Carrie or Dolly
1-10 Letter F Words
1-10 Letter G Words
Risky Map Clicking: Next State Alphabetically
Recently Updated
Leaping Animals
pecheneg
Reality TV Shows (A-Z)
bhenderson79
Rickey Henderson's Hall of Fame Teammates
pecheneg
Champions League XIs: Arsenal
pecheneg
Quick Pick: Celebrities in WWE's Hall of Fame
aduchscher
A-Z Keypad Blitz II
pecheneg
Multiple Oscar Actors
pecheneg
Mystery Phrase Blitz: Oscar 'Best Actors'
pecheneg
F. Scott Fitzgerald Novels
LTH
Pick 3 Villains
ddd62291
Trending Topics
Crossword
Anime
Kpop
Harry Potter
Disney
NBA
Marvel
Country
Song
Puzzle
Soccer
WWE
NFL
Pokémon
The Office
Your Account Isn't Verified!
In order to create a playlist on Sporcle, you need to verify the email address you used during registration. Go to your
Sporcle Settings
to finish the process.
Report this User
Report this user for behavior that violates our
Community Guidelines
.
Details:
Send Report
Go to the Sporcle.com Mobile Site →
Comments